[Event "Politiken Cup 34th"]
[Site "Helsingor"]
[Date "2012.07.29"]
[Round "2"]
[White "Satre, Roger"]
[Black "Jacobsen, Caroline Beer"]
[Result "1-0"]
[WhiteElo "1866"]
[BlackElo "1587"]
[PlyCount "119"]
[EventDate "2012.07.28"]
[EventType "swiss"]
[EventRounds "10"]
[EventCountry "DEN"]
[SourceTitle "CBM 149 Extra"]
[Source "ChessBase"]
[SourceDate "2012.08.24"]
[SourceVersion "1"]
[SourceVersionDate "2012.08.24"]
[SourceQuality "1"]

1. g3 e5 2. Bg2 d5 3. c4 c6 4. e3 Nf6 5. Ne2 Bc5 6. Nbc3 0-0 7. 0-0 Be6 8. d4 exd4 9. exd4 Be7 10. Nf4 dxc4 11. Nxe6 fxe6 12. Bh3 Nd5 13. Bxe6+ Kh8 14. Nxd5 cxd5 15. Qh5 Qb6 16. Qxd5 Bf6 17. Be3 Nc6 18. Qxc4 Bxd4 19. Bxd4 Nxd4 20. Bd5 Rac8 21. Qd3 Qc5 22. Bxb7 Rb8 23. Rad1 Rxb7 24. Qxd4 Qxd4 25. Rxd4 Rxb2 26. Ra4 Rf7 27. a3 Rb3 28. Rb4 Rxb4 29. axb4 Rb7 30. Re1 Kg8 31. Re4 Kf7 32. Kg2 h6 33. Kf3 Kf6 34. Ke3 g6 35. Kd3 Rc7 36. b5 Rc5 37. Rb4 Rd5+ 38. Kc3 Rc5+ 39. Kb3 Re5 40. Ka4 Re2 41. Rf4+ Kg5 42. h3 h5 43. h4+ Kh6 44. Ka5 Ra2+ 45. Ra4 Rxf2 46. Ka6 Rf5 47. Rf4 Re5 48. Rf7 g5 49. Rxa7 Re8 50. hxg5+ Kxg5 51. Rg7+ Kf5 52. b6 Re6 53. Ka7 Kf6 54. Rg8 Re7+ 55. b7 Kf7 56. Rg5 Kf6 57. Rxh5 Kg6 58. Rb5 Kf6 59. Ka8 Re8+ 60. b8Q 1-0